NERWOWY - Statystyki

Ogólne statystyki
  • Ten quiz został rozwiązany 16 razy
  • Średni wynik to 17 z 93
Statystyki odpowiedzi
Hint Odpowiedź % Poprawnych
BUDOWA NEURONU a
92%
PODZIAŁ UKŁADU NERWOWEGO a
92%
odbierają sygnał dendryty
75%
neuryt akson
67%
zawiera on jądro
50%
aparat Golgiego
42%
mitochondrium
42%
ciało komórki, w nim powstająbiałkowe neuroprzekaźniki perykarion
42%
znajduje się w niej pompa... sodowo-potasowa
42%
środek błony jest... (dodatni/ujemny) ujemny
42%
czucie, smak ciemieniowy
33%
*koordynacja ruchowa móżdżek
33%
1.1 dzieli się na... mózg
33%
1. dzieli się na... (1.1) mózgowie
33%
osłonka mielinowa neuroglej (ośrodkowy) oligodendrocyty
33%
ANATOMICZNY 1. ośrodkowy
33%
myślenie, pamięć, emocje, koordynacja ruchów, odruchy i przewodzenie impulsów ośrodkowy
33%
wzrok potyliczny
33%
przywspółczulny
33%
oraz... (1.2) rdzeń kręgowy
33%
węch i słuch skroniowy
33%
4. dzieli się na współczulny
33%
oraz zawiera ... płaty 4
25%
FUNKCJONALNY 4. *wewnętrzny autonomiczny
25%
ruch czołowy
25%
które dają ładunek... dodatni
25%
ANATOMICZNY 2. obwodowy
25%
odbiera bodźce (np. dotyk, ból), przekazuje impulsy do mięśni,
reguluje pracę narządów wewnętrznych (serca, żołądka itp)
obwodowy
25%
izolator elektryczny, impulsprzepływa szybciej osłonka mielinowa
25%
1.1 dzieli się oraz na... pień mózgu
25%
łuk odruchowy: od ... do ... receptora efektora
25%
błona komórkowa neuronu jest... spolaryzowana
25%
jego neuroprzekaźniki acetylocholina
17%
bariera krew mózg (ośrodkowy) astrocyty
17%
ciałka Nissla
17%
nazwa, kiedy jony dodatniezgromadziły się we wnętrzu błony depolaryzacja
17%
potencjał pobudzający depolaryzacja
17%
dopamina
17%
jego neuroprzekaźniki glicyna
17%
fala depolaryzacji = impuls
17%
lemocyty; tworzą osłonki mielinowe wokół aksonów (obwodowy układ nerwowy) komórkiSchwanna
17%
który ma... kresomózgowie
17%
oraz ma... międzymózgowie
17%
kolejność (od najbliżej mózgu) miękka
17%
2. dzieli się na... (2.1) nerwy czaszkowe
17%
amortyzują wstrząsy i urazy, prawidłowe ciśnienie i skład płynu mózgowo-rdzeniowego, utrudniają dostęp drobnoustrojom i toksynom do mózgu opony mózgowe
17%
pajęcza
17%
dostarcza neuronom substancjiodżywczych oraz odpowiada za usuwanie metabolitów płyn mózgowordzeniowy
17%
przysadka mózgowa
17%
*odruchy bardzo potrzebne rdzeń przedłużony
17%
FUNKCJONALNY 3. *zewnętrzny somatyczny
17%
który ma... śródmózgowie
17%
błona presynaptyczna
8%
1. synapsa ..., przenoszonajest informacja chemiczna
8%
Neuroprzekaźniki łączące sięz receptorami w błonie mogą powodować zarówno ... jak i ... depolaryzację hiperpolaryzację
8%
2. synapsa ..., może zachodzić w obie strony, bezpośrednio przenoszone impulsy elektryczna
8%
na zewnątrz błony występują... kationy sodu
8%
*przekazuje impulsy most
8%
oraz... (2.2) nerwy rdzeniowe
8%
neuron postsynaptyczny
8%
neuron presynaptyczny
8%
pęcherzyki z neuroprzekaźnikami
8%
podwzgórze
8%
które są na błonie... postsynaptycznej
8%
*to szybsze skokowe
8%
czyli dwie półkule połączone ciałemmodzelowatym, inaczej spoidło wielkie
8%
SSS
8%
to trzeba ... przekazać dalej sygnał
8%
w którego skład wchodzi... szyszynka
8%
twarda
8%
wzgórze
8%
aniony chlorkowe
0%
rodzaje przewodzenia ciągłe
0%
na ... następnej komórkinerwowej dendrycie
0%
glutaminian
0%
potencjał hamujący hiperpolaryzacja
0%
dla... jonów sodowych
0%
kation wapnia
0%
Kiedy fala depolaryzacji dotrzejuż do... kolbek
0%
kolbka synaptyczna
0%
kolbki synaptyczne
0%
kwas gammaaminomasłowy
0%
... łączą się z ... neuroprzekaźniki receptorami
0%
pompa sodowo-potasowa przeprowadza... repolaryzację
0%
TELODENRON rozgałęzienie końcowe
0%
szczelina synaptyczna
0%
skupiska szorstkiej siateczki śródplazmatycznej i rybosomów, obszar intensywnej syntezy białek tigroid
0%
przewężenie węzeł
0%
* wzgórek aksonu
0%
*zachodzi we... wzgórku aksonu
0%
bodziec powoduje ... błony wzrost przepuszczalności
0%
jej funkcją jest chłodzenie mózgu zatoka żylna
0%
oraz... (2.3) zwoje nerwowe
0%
Nie znaleziono quizów pasujących do podanych kryteriów
Rozkład punktacji
Procent ludzi z każdym wynikiem
Percentyl według liczby udzielonych odpowiedzi
Twoja historia wyników
Nie rozwiązałeś tego quizu